ბათუმის შოთა რუსთაველის სახელმწიფო უნივერსიტეტის ბიბლიოთეკა

lingua latina. (ბიბ.ჩანაწერი № 34899)

000 -LEADER
fixed length control field 00732nam a2200241Ia 4500
001 - CONTROL NUMBER
control field 722
003 - CONTROL NUMBER IDENTIFIER
control field GE_BSU
008 - FIXED-LENGTH DATA ELEMENTS--GENERAL INFORMATION
fixed length control field 181216s||||||||xx |||||||||||||| ||und||
020 ## - INTERNATIONAL STANDARD BOOK NUMBER
International Standard Book Number 9992865261
040 ## - CATALOGING SOURCE
Transcribing agency GE_BSU
080 ## - UNIVERSAL DECIMAL CLASSIFICATION NUMBER
Universal Decimal Classification number 811.124(075.3)
100 ## - MAIN ENTRY--PERSONAL NAME
Personal name გაგუა,იამზე. გამყრელიძე, ეკატერინე
245 ## - TITLE STATEMENT
Title lingua latina.
245 ## - TITLE STATEMENT
Remainder of title სახ.გიმნაზიისა და ლიცეუმებისთვის
250 ## - EDITION STATEMENT
Edition statement მე-3 შესწორ. გამოც.
260 ## - PUBLICATION, DISTRIBUTION, ETC.
Place of publication, distribution, etc. თბილისი
260 ## - PUBLICATION, DISTRIBUTION, ETC.
Name of publisher, distributor, etc. ''ლოგოსი''
260 ## - PUBLICATION, DISTRIBUTION, ETC.
Date of publication, distribution, etc. 2002
300 ## - PHYSICAL DESCRIPTION
Extent 279 გვ.
653 ## - INDEX TERM--UNCONTROLLED
Uncontrolled term lingua latina
942 ## - ADDED ENTRY ELEMENTS (KOHA)
Koha item type წიგნი
ეგზემპლარები
Withdrawn status Lost status Damaged status Not for loan Date acquired Barcode Date last seen Price effective from Koha item type Public note
        2018-12-17 2522 2018-12-17 2018-12-17 წიგნი დარბაზი
        2018-12-17 2523 2018-12-17 2018-12-17 წიგნი დარბაზი
        2018-12-17 2524 2018-12-17 2018-12-17 წიგნი საცავი
        2018-12-17 2525 2018-12-17 2018-12-17 წიგნი საცავი
        2018-12-17 2526 2018-12-17 2018-12-17 წიგნი საცავი
        2018-12-17 2527 2018-12-17 2018-12-17 წიგნი საცავი
        2018-12-17 2528 2018-12-17 2018-12-17 წიგნი საცავი
        2018-12-17 2529 2018-12-17 2018-12-17 წიგნი საცავი
        2018-12-17 2530 2018-12-17 2018-12-17 წიგნი საცავი
        2018-12-17 2655 2018-12-17 2018-12-17 წიგნი საცავი